Mastering your organization's processes : a plain guide to business process management (Record no. 182022)
[ view plain ]
| 000 -LEADER | |
|---|---|
| fixed length control field | 00531nam a2200157Ia 4500 |
| 005 - DATE AND TIME OF LATEST TRANSACTION | |
| control field | 20250225150809.0 |
| 008 - FIXED-LENGTH DATA ELEMENTS--GENERAL INFORMATION | |
| fixed length control field | 231217s9999 xx 000 0 und d |
| 020 ## - INTERNATIONAL STANDARD BOOK NUMBER | |
| International Standard Book Number | 9780521839754 |
| 082 ## - DEWEY DECIMAL CLASSIFICATION NUMBER | |
| Classification number | 658.5 OCO;1 R |
| 100 ## - MAIN ENTRY--PERSONAL NAME | |
| Personal name | O'Connell, John. Pyke, Jon. Whitehead, Roger. |
| 245 #0 - TITLE STATEMENT | |
| Title | Mastering your organization's processes : a plain guide to business process management |
| 260 ## - PUBLICATION, DISTRIBUTION, ETC. (IMPRINT) | |
| Date of publication, distribution, etc. | 2006 |
| Name of publisher, distributor, etc. | Cambridge Press |
| Place of publication, distribution, etc. | New York |
| 300 ## - PHYSICAL DESCRIPTION | |
| Extent | xx, 270 |
| 650 ## - SUBJECT ADDED ENTRY--TOPICAL TERM | |
| Topical term or geographic name as entry element | Mastering,organization's,plain,business,process,management |
| 942 ## - ADDED ENTRY ELEMENTS (KOHA) | |
| Koha item type | Books |
| Date last seen | Total Checkouts | Full call number | Accession number | Old discount | Uniform Resource Identifier | Price effective from | Category | Lost status | Damaged status | Department | Withdrawn status | bill date | Permanent Location | Current Location | Shelving location | Entry date | Vendor | Grants | Currency symbol | Conversion rate | Discount | Discount type |
|---|---|---|---|---|---|---|---|---|---|---|---|---|---|---|---|---|---|---|---|---|---|---|
| 26/01/2024 | 658.5 OCO;1 R | 52136 | digital/contents/52136.pdf | 26/01/2024 | Books | Central Library | 07/03/2012 | Central Library | Central Library | Central Library | 13/01/2009 | Publisher | DONATED | RS | 1 | Rupees |
